| 000 | 00749nam a22002297a 4500 | ||
|---|---|---|---|
| 003 | UA-OsUOA | ||
| 001 | 105410 | ||
| 007 | ta | ||
| 008 | 20140303b un ||||| |||| 00| 0 ukr d | ||
| 090 |
_a339.109:34 _bП76 |
||
| 942 | _cBK | ||
| 040 |
_aUA-OsUOA _bukr _cUA-OsUOA _dUA-OsUOA |
||
| 245 |
_aПрипинення трудового договору _bбібліотека судді _cВ. Самолюк, А. Філіп'єв, О. Фурманчук |
||
| 300 | _a32 с. | ||
| 955 | _a2 | ||
| 041 | _aukr | ||
| 080 | _a339.109:34 | ||
| 591 | _aБФ "Правничі ініціативи" | ||
| 260 |
_aОстрог _bНаУОА _c2007 |
||
| 650 | 7 |
_a339.1 Загальні питання торгівлі. Ринок _2UDC |
|
| 999 |
_c391699 _d391699 |
||